[Event "Women's World Championship"]
[Site "Tehran IRI"]
[Date "2017.03.03"]
[EventDate "2017.02.11"]
[Round "6.5"]
[Result "1/2-1/2"]
[White "Anna Muzychuk"]
[Black "Tan Zhongyi"]
[WhiteElo "2558"]
[BlackElo "2502"]
[PlyCount "111"]

1. e4 e5 2. Nf3 Nf6 3. Nxe5 d6 4. Nf3 Nxe4 5. Nc3 Nxc3 6. dxc3
Be7 7. Be3 O-O 8. Qd2 Qe8 9. Bd3 Nc6 10. O-O-O Ne5 11. Nxe5
dxe5 12. c4 Qa4 13. Kb1 Be6 14. f3 Rfe8 15. Qe2 Qa5 16. Bd2
Qc5 17. Bc3 f6 18. Qe4 g6 19. Qxb7 Bxc4 20. Bxc4+ Qxc4 21. Rd7
Bd6 22. Rd1 Rab8 23. Qd5+ Qxd5 24. Rxd5 Rbd8 25. Rxd8 Rxd8
26. a4 Rd7 27. Ra5 c5 28. Ka2 Rb7 29. Rb5 Rc7 30. Ba5 Rc6
31. Kb3 c4+ 32. Kc3 e4 33. fxe4 Bxh2 34. Kd4 a6 35. Rb7 Bg1+
36. Kc3 Bh2 37. Bb6 Bg3 38. Be3 Re6 39. Kd4 f5 40. exf5 gxf5
41. Bg5 h6 42. Bd2 f4 43. Kxc4 Re2 44. Bc3 Rxc2 45. Rg7+ Kf8
46. Rh7 Rxg2 47. Rxh6 Ke7 48. Kd5 Re2 49. Rh7+ Ke8 50. Be5 Rh2
51. Rxh2 Bxh2 52. Ke4 Kd7 53. Bxf4 Bxf4 54. Kxf4 Kc6 55. Ke5
Kc5 56. a5 1/2-1/2

[Event "Women's World Championship"]
[Site "Tehran IRI"]
[Date "2017.03.03"]
[EventDate "2017.02.11"]
[Round "6.6"]
[Result "1-0"]
[White "Tan Zhongyi"]
[Black "Anna Muzychuk"]
[WhiteElo "2502"]
[BlackElo "2558"]
[PlyCount "83"]

1. d4 d5 2. c4 c6 3. Nf3 Nf6 4. g3 Bf5 5. Nc3 e6 6. Nh4 dxc4
7. Nxf5 exf5 8. e3 Nbd7 9. Bxc4 Nb6 10. Be2 Bd6 11. Bf3 O-O
12. O-O Re8 13. Qc2 Qd7 14. b3 Re7 15. Na4 Rae8 16. Nc5 Qc8
17. Bd2 Nbd5 18. Rac1 Ne4 19. Bg2 g6 20. b4 Qc7 21. Nxe4 fxe4
22. b5 Ba3 23. Rb1 cxb5 24. Qb3 Qd6 25. Qxb5 Rc8 26. Qb3 Kg7
27. Bc1 Bxc1 28. Rbxc1 Rc6 29. Rxc6 Qxc6 30. Qa3 Qb6 31. Rc1
Qb4 32. Qxa7 Nc3 33. Rf1 Qc4 34. Qa3 Re6 35. Re1 Ra6 36. Qe7
Rxa2 37. Bxe4 b5 38. Bf3 b4 39. Qe5+ Kh6 40. g4 f6 41. Qxf6
Ra5 42. h4 1-0